[Event "2010 Standard Chess Dropout Tournament, Round 2"]
[Site "SchemingMind.com"]
[Date "2010.03.03"]
[Round "2"]
[White "joralx3"]
[Black "talobsessed"]
[Result "1-0"]
[WhiteCountry "ARG"]
[BlackCountry "SWE"]
[WhiteElo "2543"]
[WhiteRD "105"]
[BlackElo "2268"]
[BlackRD "84"]
[GameID "240646"]

1. e4 e5 2. Nf3 Nc6 3. Bb5 d6 4. d4 Bd7 5. O-O exd4 6. Nxd4 Be7 7. Nc3 Bf6 8. Be3 Nge7 9. f4 O-O 10. Nf3 Re8
11. Qd2 Bxc3 12. Qxc3 d5 13. Rad1 dxe4 14. Ng5 Nf5 15. Bc4 Re7 16. Bc5 Nd6 17. f5 Ne5 18. f6 gxf6 19. Bxd6 cxd6 20. Nxe4 Qc8
21. Nxf6+ Kg7 22. Rd4 Be6 23. b3 h6 24. Rdf4 Qc5+ 25. Kh1 Rh8 26. Qg3+ Kf8 27. Rh4 Ng6 28. Bxe6 Nxh4 29. Qxh4 Qe3 30. Bc4 Qg5
31. Qf2
1-0

[Event "2010 Standard Chess Dropout Tournament, Round 2"]
[Site "SchemingMind.com"]
[Date "2010.03.02"]
[Round "2"]
[White "juditfan"]
[Black "kynoceros"]
[Result "0-1"]
[WhiteCountry "ITA"]
[BlackCountry "USA"]
[WhiteElo "1576"]
[WhiteRD "102"]
[BlackElo "1612"]
[BlackRD "77"]
[GameID "240647"]

1. e4 e5 2. Nf3 Nc6 3. Bb5 f5 4. Nc3 fxe4 5. Nxe4 Nf6 6. d3 d5 7. Nxf6+ Qxf6 8. Bg5 Qe6 9. O-O a6 10. Re1 axb5
11. Nxe5 Nxe5 12. Bf4 Bd6 13. d4 O-O 14. Bxe5 Bxe5 15. Rxe5 Qd6 16. Qh5 Bd7 17. Rxd5 Qe6 18. Re5 Qf6 19. f3 Rfe8 20. Rae1 Rxe5
21. dxe5 Qe6 22. Re4 Rxa2 23. Rh4 Qb6+ 24. Kf1 h6 25. Rf4 Be6
0-1

[Event "2010 Standard Chess Dropout Tournament, Round 2"]
[Site "SchemingMind.com"]
[Date "2010.03.03"]
[Round "2"]
[White "KaliYuga"]
[Black "mark74"]
[Result "0-1"]
[WhiteCountry "IRL"]
[BlackCountry "USA"]
[WhiteElo "1766"]
[WhiteRD "88"]
[BlackElo "1648"]
[BlackRD "87"]
[GameID "240649"]

1. d4 f5 2. Bf4 Nf6 3. e3 e6 4. c4 Be7 5. Nf3 O-O 6. Nc3 d6 7. Bd3 a5 8. O-O Bd7 9. a4 Qe8 10. b3 Na6
11. d5 e5 12. Bg5 h6 13. Bxf6 Bxf6
0-1

[Event "2010 Standard Chess Dropout Tournament, Round 2"]
[Site "SchemingMind.com"]
[Date "2010.03.07"]
[Round "2"]
[White "khayman"]
[Black "Apocalypse"]
[Result "0-1"]
[WhiteCountry "ENG"]
[BlackCountry "USA"]
[WhiteElo "2292"]
[WhiteRD "106"]
[BlackElo "2605"]
[BlackRD "77"]
[GameID "240650"]

1. b4 d5 2. Bb2 Qd6 3. a3 e5 4. Nf3 Nd7 5. e3 Ngf6 6. c4 Be7 7. Nc3 c6 8. cxd5 Nxd5 9. Qc2 O-O 10. Bd3 N5f6
11. O-O a5 12. b5 Nc5 13. Be2 e4 14. Nd4 a4 15. Rab1 Bd7 16. f3 exf3 17. Bxf3 Ng4 18. g3 Qh6 19. Bxg4 Bxg4 20. bxc6 bxc6
21. Na2 Nb3 22. Nxc6 Bc5 23. Ne5 Be6 24. Rbe1 Rac8 25. Qd1 f6 26. Nf3 Qh5 27. d4 Bb6 28. Rf2 Bg4 29. Nb4 Na5 30. Qe2 Nc4
31. Bc1 Rfe8 32. Qf1 Nd6 33. Nd2 Rc3 34. Nd3 Bh3 35. Nf4 Bxf1 36. Nxh5 Ba6
0-1

[Event "2010 Standard Chess Dropout Tournament, Round 2"]
[Site "SchemingMind.com"]
[Date "2010.03.07"]
[Round "2"]
[White "kynoceros"]
[Black "air666"]
[Result "0-1"]
[WhiteCountry "USA"]
[BlackCountry "GER"]
[WhiteElo "1569"]
[WhiteRD "83"]
[BlackElo "1453"]
[BlackRD "89"]
[GameID "240651"]

1. e4 c6 2. d4 d5 3. f3 f6 4. Nc3 e5 5. a3 dxe4 6. Nxe4 Bf5 7. Bd2 Bxe4 8. fxe4 f5 9. Qf3 Qh4+ 10. g3 Qxe4+
11. Qxe4 fxe4 12. Be3 Bd6 13. O-O-O Nf6 14. Bc4 Nd5 15. dxe5 Nxe3 16. Rxd6 Nxc4 17. Rd4 Nxe5 18. Rxe4 Nd7 19. Ne2 O-O-O 20. c4 Nd3+
0-1

[Event "2010 Standard Chess Dropout Tournament, Round 2"]
[Site "SchemingMind.com"]
[Date "2010.03.02"]
[Round "2"]
[White "lemmie"]
[Black "willygor"]
[Result "0-1"]
[WhiteCountry "NED"]
[BlackCountry "ARG"]
[WhiteElo "1575"]
[WhiteRD "51"]
[BlackElo "1856"]
[BlackRD "88"]
[GameID "240652"]

1. e4 c5 2. Nf3 Nc6 3. Bc4 e6 4. d4 cxd4 5. Nxd4 d5 6. Nxc6 bxc6 7. exd5 cxd5 8. Bb5+ Bd7 9. Bxd7+ Qxd7 10. Nc3 Bb4
11. Bd2 Nf6 12. a3 Ba5 13. O-O O-O 14. h3 Rac8 15. Qe2 Rfe8 16. Rfd1 h6 17. b4 Bc7 18. Qf3 Be5 19. Rac1 Rc4 20. Ne2 Bb2
21. Rb1 Bxa3 22. c3 a5 23. Nf4 axb4 24. cxb4 Rb8 25. Qg3 Ra8 26. Nd3 Ne4 27. Qe3 Nxd2 28. Qxd2 Qb7 29. Ne5 Rxb4 30. Rxb4 Qxb4
31. Qe3 Bb2 32. Nc6 Qd6 33. Nd4 Ra3 34. Qe2 Bxd4 35. Rxd4 Ra1+ 36. Rd1 Rxd1+ 37. Qxd1 e5 38. Qb3 d4 39. Qd3 Qd5 40. f3 Qc5
41. Kh2 Qc3 42. Qe4 d3 43. Qa8+ Kh7 44. Qe8 Qc7 45. Qa4 g6 46. Qd1 Qc2
0-1

[Event "2010 Standard Chess Dropout Tournament, Round 2"]
[Site "SchemingMind.com"]
[Date "2010.03.02"]
[Round "2"]
[White "loco61"]
[Black "Raimondi"]
[Result "1-0"]
[WhiteCountry "ENG"]
[BlackCountry "PER"]
[WhiteElo "1666"]
[WhiteRD "70"]
[BlackElo "1749"]
[BlackRD "77"]
[GameID "240653"]

1. e4 e5 2. Nf3 Nc6 3. Bc4 Bc5 4. c3 Nf6 5. d3 d6 6. h3 Be6 7. Bxe6 fxe6 8. Qb3 Qc8 9. Bg5 O-O 10. Nh4 Bb6
11. Nd2 Qd7 12. O-O-O Kh8 13. f3 d5 14. Rhf1 Ne7 15. g4 c5 16. Be3 d4 17. Bf2 Nc6 18. Bg3 Qc7 19. Ng2 Nd7 20. Qxe6 Ba5
21. Nc4 b5 22. Nxa5 Nxa5 23. f4 Nc6 24. f5 dxc3 25. bxc3 b4 26. Qb3 bxc3 27. Qxc3 Nd4 28. Kd2 Rab8 29. Bf2 Qd6 30. Bxd4 cxd4
31. Qa5 Rb2+ 32. Ke1 a6 33. Rf2 Rb5 34. Qa4 Rfb8 35. Rc2 Rb4 36. Qa3 Nc5 37. Qc1 R8b5 38. a3 Rb1 39. Qd2 R1b3 40. a4 Rb8
41. Rdc1 Rb1 42. Ke2 Rxc1 43. Qxc1 Rc8 44. g5 Kg8 45. h4 Rc7 46. h5 a5 47. Qb2 Na6 48. Qb3+ Kf8 49. g6 hxg6 50. hxg6 Rxc2+
51. Qxc2 Qd7 52. Qc4 Nb4 53. Qc5+ Ke8 54. Qxa5 Qd6 55. Qb5+ Kf8 56. Ne1 Na6 57. Nc2 Nc7 58. Qb8+ Ke7 59. Nb4
1-0

[Event "2010 Standard Chess Dropout Tournament, Round 2"]
[Site "SchemingMind.com"]
[Date "2010.03.07"]
[Round "2"]
[White "Clive Everill"]
[Black "PankracyRozumek"]
[Result "0-1"]
[WhiteCountry "CZE"]
[BlackCountry "POL"]
[WhiteElo "1684"]
[WhiteRD "50"]
[BlackElo "1815"]
[BlackRD "93"]
[GameID "240654"]

1. e4 c5 2. c3 Nf6 3. e5 Nd5 4. Na3 Nc6 5. Nf3 e6 6. Bb5 a6 7. Bxc6 dxc6= 8. O-O b5 9. d4 Qb6 10. Bg5 Be7
11. Qd2 cxd4 12. cxd4 O-O 13. Bxe7 Nxe7 14. Ng5 Nf5 15. Nc2 Rd8 16. Rfd1 Bb7 17. Qf4 h6 18. Nf3 a5 19. g4 Ne7 20. Ne3 Ng6
21. Qg3 c5 22. dxc5 Qc6 23. Kg2 Nh4+ 24. Qxh4 Qxf3+ 25. Kf1 Qh1+
0-1

[Event "2010 Standard Chess Dropout Tournament, Round 2"]
[Site "SchemingMind.com"]
[Date "2010.03.02"]
[Round "2"]
[White "marble"]
[Black "auxarlier"]
[Result "0-1"]
[WhiteCountry "ENG"]
[BlackCountry "FRA"]
[WhiteElo "1795"]
[WhiteRD "77"]
[BlackElo "2137"]
[BlackRD "100"]
[GameID "240655"]

1. e4 c5 2. Nf3 d6 3. d4 cxd4 4. Nxd4 Nf6 5. Nc3 a6 6. Bg5 e6 7. f4 Qb6 8. Qd2 Qxb2 9. Nb3 Qa3 10. Bxf6 gxf6
11. Be2 Nc6 12. O-O Bd7 13. Bh5 Bg7 14. Rf3 O-O 15. Raf1 Na5 16. Rh3 Nxb3 17. axb3 Qc5+ 18. Kh1 Rac8 19. Rc1 f5 20. Na4 Bxa4
21. bxa4 fxe4 22. Be2 d5 23. c4 Qd4 24. Qb4 e3 25. Qxb7 Rb8 26. Qxa6 Qd2 27. Rf1 Qxe2 28. Rhf3 Rb2 29. Rg1 Qd2 30. cxd5 e2
31. dxe6 e1=Q 32. exf7+ Rxf7 33. Rxe1 Qxg2#
0-1

[Event "2010 Standard Chess Dropout Tournament, Round 2"]
[Site "SchemingMind.com"]
[Date "2010.03.04"]
[Round "2"]
[White "mark74"]
[Black "Uzi Mike"]
[Result "0-1"]
[WhiteCountry "USA"]
[BlackCountry "USA"]
[WhiteElo "1647"]
[WhiteRD "92"]
[BlackElo "2283"]
[BlackRD "77"]
[GameID "240656"]

1. e4 e6 2. d4 d5 3. Nc3 Nf6 4. Bg5 dxe4 5. Nxe4 Nbd7 6. Nf3 h6 7. Nxf6+ Nxf6 8. Be3 Nd5 9. Bd3 Bd6 10. Bd2 O-O
11. Qe2 Qf6 12. O-O Nf4 13. Bxf4 Qxf4 14. Rfe1 Rd8 15. Qe4 Qxe4 16. Bxe4 c5 17. Rad1 cxd4 18. Nxd4 Be7 19. c3 Rb8 20. Bc2 Bd7
21. a3 Rbc8 22. Be4 Ba4 23. Rd2 Rc7 24. b4 Rxc3 25. Bxb7 Bg5 26. Rdd1 Bxd1 27. Rxd1 Rxd4
0-1

[Event "2010 Standard Chess Dropout Tournament, Round 2"]
[Site "SchemingMind.com"]
[Date "2010.03.07"]
[Round "2"]
[White "Mekk"]
[Black "Peacemaker"]
[Result "0-1"]
[WhiteCountry "POL"]
[BlackCountry "GER"]
[WhiteElo "1870"]
[WhiteRD "100"]
[BlackElo "2519"]
[BlackRD "84"]
[GameID "240657"]

1. e4 c5 2. Nf3 Nc6 3. d4 cxd4 4. Nxd4 Nf6 5. Nc3 d6 6. Be2 e5 7. Nb3 Be7 8. O-O O-O 9. Be3 Be6 10. f4 exf4
11. Bxf4 d5 12. exd5 Nxd5 13. Nxd5 Bxd5 14. Bf3 Qb6+ 15. Kh1 Bc4 16. Re1 Rfd8 17. Qc1 Bf6 18. Be3 Qb5 19. a4 Qf5 20. Nc5 Bd5
21. Bxd5 Rxd5 22. Nd3 Rc8 23. Ra3 Ne5 24. Nxe5 Rxc2 25. Qb1 Bxe5 26. Bg1 Qg6
0-1

[Event "2010 Standard Chess Dropout Tournament, Round 2"]
[Site "SchemingMind.com"]
[Date "2010.03.04"]
[Round "2"]
[White "memet"]
[Black "mirari"]
[Result "0-1"]
[WhiteCountry "TUR"]
[BlackCountry "ENG"]
[WhiteElo "1495"]
[WhiteRD "75"]
[BlackElo "1801"]
[BlackRD "210"]
[GameID "240659"]

1. e4 e5 2. Nf3 Nc6 3. Bc4 Nf6 4. Ng5 d5 5. exd5 Nxd5 6. Nxf7 Kxf7 7. Qf3+ Ke6 8. Nc3 Nb4 9. a3 Nxc2+ 10. Kd1 Nxa1
11. Bxd5+ Kd7 12. Qf7+ Qe7 13. Be6+ Kd8 14. Qxe7+ Bxe7 15. Ba2 Bf5 16. g4 Bxg4+ 17. Ne2 Rf8 18. Rg1 Rxf2 19. Re1 Bf5 20. Nc3 Bc2#
0-1

[Event "2010 Standard Chess Dropout Tournament, Round 2"]
[Site "SchemingMind.com"]
[Date "2010.03.07"]
[Round "2"]
[White "michalis"]
[Black "Mekk"]
[Result "1-0"]
[WhiteCountry "GRE"]
[BlackCountry "POL"]
[WhiteElo "1937"]
[WhiteRD "73"]
[BlackElo "1870"]
[BlackRD "100"]
[GameID "240660"]

1. e4 e6 2. d4 d5 3. Nd2 Nf6 4. e5 Nfd7 5. Bd3 c5 6. c3 Nc6 7. Ne2 a6 8. O-O b5 9. Nf3 Bb7 10. Be3 Qc7
11. Ng5 h6 12. Nxe6 fxe6 13. Nf4 O-O-O 14. Nxe6 Qa5 15. Nxd8 Qxd8 16. e6 Nf6 17. dxc5 g5 18. Bf5 Ne7 19. Bc2 Bg7 20. Re1 Kb8
21. Bd4 Ka7 22. c6+
1-0

[Event "2010 Standard Chess Dropout Tournament, Round 2"]
[Site "SchemingMind.com"]
[Date "2010.03.05"]
[Round "2"]
[White "mirari"]
[Black "loco61"]
[Result "1-0"]
[WhiteCountry "ENG"]
[BlackCountry "ENG"]
[WhiteElo "1862"]
[WhiteRD "187"]
[BlackElo "1605"]
[BlackRD "67"]
[GameID "240662"]

1. e4 e5 2. Nf3 Nc6 3. Bc4 Bc5 4. Nc3 Nf6 5. d3 Ng4 6. Bxf7+ Kxf7 7. Ng5+ Kg8 8. Qxg4 d6 9. Qh5 Qf6 10. Be3 Bxe3
11. fxe3 h6 12. Qe8+ Qf8 13. Qxf8+ Kxf8 14. Rf1+ Ke8 15. Nd5 hxg5 16. Nxc7+ Kd7 17. Rf7+ Kd8 18. Nxa8 Bd7 19. Rxg7 Rxh2 20. Rg8+ Ke7
21. Kf2 g4 22. Rg7+ Kd8 23. Rf1 Rh8 24. Ke2 Ne7 25. Rf6 Nc8 26. Rff7 Bc6 27. Nc7 b6 28. Ne6+ Ke8 29. Rc7
1-0

[Event "2010 Standard Chess Dropout Tournament, Round 2"]
[Site "SchemingMind.com"]
[Date "2010.03.07"]
[Round "2"]
[White "Mitchell-in"]
[Black "paradox"]
[Result "0-1"]
[WhiteCountry "ENG"]
[BlackCountry "GER"]
[WhiteElo "1820"]
[WhiteRD "63"]
[BlackElo "2005"]
[BlackRD "128"]
[GameID "240663"]

1. e4 e6 2. d4 d5 3. Nd2 Be7 4. Bd3 c5 5. dxc5 Nf6 6. Qe2 O-O 7. Ngf3 a5 8. O-O Na6 9. e5 Nd7 10. Nd4 Ndxc5
11. f4 Nxd3 12. Qxd3 Nc5 13. Qe2 b6 14. N2f3 Ba6 15. Qf2 Ne4 16. Qe3 Bxf1
0-1

[Event "2010 Standard Chess Dropout Tournament, Round 2"]
[Site "SchemingMind.com"]
[Date "2010.03.03"]
[Round "2"]
[White "montinskij"]
[Black "JLD"]
[Result "1-0"]
[WhiteCountry "USA"]
[BlackCountry "USA"]
[WhiteElo "2128"]
[WhiteRD "134"]
[BlackElo "2046"]
[BlackRD "105"]
[GameID "240664"]

1. e4 c5 2. Nf3 e6 3. d4 cxd4 4. Nxd4 Nf6 5. Nc3 d6 6. g4 Nc6 7. g5 Nd7 8. Be3 Be7 9. h4 O-O 10. Qh5 Nxd4
11. Bxd4 a6 12. O-O-O b5 13. f4 Bb7 14. a3 Rc8 15. Kb1 Nc5 16. Bg2 Qc7 17. Qe2 Rfe8 18. h5 e5 19. fxe5 dxe5 20. Be3 Ne6
21. g6 Nf4 22. Qg4 Bc6 23. gxf7+ Kxf7 24. Rhf1 Bd6 25. h6 g6 26. Bxf4 exf4 27. Rxd6 Qxd6 28. e5 Qxe5 29. Bxc6 Rf8 30. Qd7+ Kg8
31. Bd5+ Kh8 32. Rxf4 Rcd8 33. Rf7 Rxd7 34. Rxf8#
1-0

[Event "2010 Standard Chess Dropout Tournament, Round 2"]
[Site "SchemingMind.com"]
[Date "2010.03.03"]
[Round "2"]
[White "n_antonov"]
[Black "pattSir"]
[Result "1/2-1/2"]
[WhiteCountry "BUL"]
[BlackCountry "GER"]
[WhiteElo "2289"]
[WhiteRD "85"]
[BlackElo "2418"]
[BlackRD "142"]
[GameID "240665"]

1. e4 e5 2. Nf3 Nc6 3. Bb5 a6 4. Ba4 Nf6 5. O-O Nxe4 6. d4 b5 7. Bb3 d5 8. dxe5 Be6 9. Nbd2 Bc5 10. Nxe4 dxe4
11. Bxe6 Qxd1 12. Rxd1 fxe6 13. Ng5 O-O 14. Nxe4= Bb6 15. Kf1 Rf5 16. f3 Raf8 17. c3 Rxe5 18. Re1 h6 19. a4= b4 20. Bd2 b3
21. c4 Ba5 22. Rad1 Rb8 23. Ke2 Nd4+ 24. Kf1 Nc6 25. Ke2 Nd4+ 26. Kf1=
1/2-1/2

[Event "2010 Standard Chess Dropout Tournament, Round 2"]
[Site "SchemingMind.com"]
[Date "2010.03.03"]
[Round "2"]
[White "occult"]
[Black "KaliYuga"]
[Result "1-0"]
[WhiteCountry "ROU"]
[BlackCountry "IRL"]
[WhiteElo "1863"]
[WhiteRD "99"]
[BlackElo "1766"]
[BlackRD "88"]
[GameID "240666"]

1. e4 c5 2. Nf3 d6 3. d4 cxd4 4. Nxd4 Nf6 5. Nc3 g6 6. Be3 Bg7 7. f3 Nbd7 8. Qd2 a6 9. O-O-O b5 10. g4 Bb7
11. h4 h5 12. g5 Nh7 13. Kb1 Rc8 14. Bh3
1-0

[Event "2010 Standard Chess Dropout Tournament, Round 2"]
[Site "SchemingMind.com"]
[Date "2010.03.07"]
[Round "2"]
[White "palaciorep"]
[Black "Ryan"]
[Result "0-1"]
[WhiteCountry "ARG"]
[BlackCountry "NED"]
[WhiteElo "1708"]
[WhiteRD "86"]
[BlackElo "2129"]
[BlackRD "118"]
[GameID "240667"]

1. d4 Nf6 2. c4 g6 3. Nf3 Bg7 4. Nc3 d6 5. e4 O-O 6. h3 e5 7. d5 a5 8. Be3 Na6 9. g4 Nd7 10. Bg5 f6
11. Be3 Ndc5 12. Nd2 Bd7
0-1

[Event "2010 Standard Chess Dropout Tournament, Round 2"]
[Site "SchemingMind.com"]
[Date "2010.03.03"]
[Round "2"]
[White "palszab"]
[Black "occult"]
[Result "0-1"]
[WhiteCountry "HUN"]
[BlackCountry "ROU"]
[WhiteElo "1801"]
[WhiteRD "91"]
[BlackElo "1863"]
[BlackRD "99"]
[GameID "240668"]

1. e4 c5 2. Nf3 d6 3. d4 cxd4 4. Nxd4 Nf6 5. Nc3 g6 6. Be3 Bg7 7. f3 O-O 8. Qd2 a6 9. O-O-O Nbd7 10. h4 h5
11. Be2 Qc7 12. Bh6 Bxh6 13. Qxh6 e5
0-1

[Event "2010 Standard Chess Dropout Tournament, Round 2"]
[Site "SchemingMind.com"]
[Date "2010.03.02"]
[Round "2"]
[White "PankracyRozumek"]
[Black "bull mccabe"]
[Result "1/2-1/2"]
[WhiteCountry "POL"]
[BlackCountry "IRL"]
[WhiteElo "1818"]
[WhiteRD "93"]
[BlackElo "1836"]
[BlackRD "92"]
[GameID "240669"]

1. e4 c5 2. Nf3 Nc6 3. d4 cxd4 4. Nxd4 e5 5. Nf3 Nf6 6. Bg5 Be7 7. Nc3 O-O 8. Bb5 d6 9. O-O Bd7 10. Bxf6 Bxf6
11. Qxd6 Bg4 12. Qxd8 Rfxd8 13. Nd5 Bxf3 14. Nxf6+ gxf6 15. gxf3 Nd4 16. Bd3 Nxf3+ 17. Kg2 Nh4+ 18. Kh1 Rac8 19. f4 Ng6 20. fxe5=
1/2-1/2

[Event "2010 Standard Chess Dropout Tournament, Round 2"]
[Site "SchemingMind.com"]
[Date "2010.03.07"]
[Round "2"]
[White "paradox"]
[Black "Chess_Man01"]
[Result "1-0"]
[WhiteCountry "GER"]
[BlackCountry "GBR"]
[WhiteElo "2072"]
[WhiteRD "132"]
[BlackElo "2252"]
[BlackRD "88"]
[GameID "240670"]

1. Nf3 Nf6 2. g3 d5 3. Bg2 c6 4. O-O Bg4 5. d3 Nbd7 6. Nbd2 e5 7. e4 dxe4 8. dxe4 Bc5 9. h3 Bh5 10. Qe1 O-O
11. Nc4 Re8 12. a4 Qc7 13. Nh4 Nb6 14. Ne3 a5 15. Bd2 Nbd7 16. Nc4 b6 17. g4 Bg6 18. Nxg6 hxg6 19. Rd1 Nf8 20. Bc3 g5
21. Qe2 b5 22. Ne3 Ne6 23. axb5 Nf4 24. Qc4 cxb5 25. Qxb5 a4 26. Nd5 N6xd5 27. exd5 Bd6 28. Bb4 Bxb4 29. Qxb4 Qxc2 30. Rd2 Qb3
31. Qe4 Ra5 32. d6 Rd8 33. Ra1 Ne6 34. d7 Ra7 35. Ra3 Qb5 36. Bf1 Qb8 37. Rxa4 Rxa4 38. Qxa4 Nd4 39. Rd1 Qxb2 40. Qa7 Qc3
41. Qb7 g6 42. Qd5 Qc7 43. Bb5
1-0

[Event "2010 Standard Chess Dropout Tournament, Round 2"]
[Site "SchemingMind.com"]
[Date "2010.03.03"]
[Round "2"]
[White "pattSir"]
[Black "Fiesty 50"]
[Result "1-0"]
[WhiteCountry "GER"]
[BlackCountry "ENG"]
[WhiteElo "2418"]
[WhiteRD "142"]
[BlackElo "2235"]
[BlackRD "88"]
[GameID "240671"]

1. e4 c6 2. d4 d5 3. Nc3 dxe4 4. f3 exf3 5. Nxf3 Nf6 6. Bc4 Bf5 7. O-O e6 8. Ne5 Bxc2 9. Nxf7 Kxf7 10. Qxc2 Qxd4+
11. Be3 Qxe3+ 12. Kh1 Bd6 13. Rae1 Qh6 14. g4 Re8 15. g5 Qxh2+ 16. Qxh2 Bxh2 17. Kxh2 Nd7 18. Ne4
1-0

[Event "2010 Standard Chess Dropout Tournament, Round 2"]
[Site "SchemingMind.com"]
[Date "2010.03.02"]
[Round "2"]
[White "pawngrabber"]
[Black "chessjohn"]
[Result "1/2-1/2"]
[WhiteCountry "ENG"]
[BlackCountry "NED"]
[WhiteElo "1968"]
[WhiteRD "86"]
[BlackElo "1626"]
[BlackRD "111"]
[GameID "240672"]

1. d4 d5 2. Nc3 Nf6 3. Bg5 e6 4. e4 dxe4 5. Nxe4 Be7 6. Nxf6+ Bxf6 7. Bxf6 Qxf6 8. Nf3 O-O 9. Bd3 h6 10. Qd2 Nd7
11. O-O-O c5 12. h4 cxd4 13. Nxd4 Nc5 14. Nf3 Nxd3+ 15. Qxd3 e5 16. Qe4 Qf4+ 17. Qxf4 exf4 18. Rd4 Re8 19. Re1 Bg4 20. Rxe8+ Rxe8
21. Rxf4 f5 22. Rb4 Re2 23. Nh2 h5 24. Nxg4 hxg4 25. Rf4 g6 26. h5 Kg7 27. g3 Re7= 28. f3 gxf3 29. Rxf3 gxh5 30. Rxf5 Kh6
31. Kd2 Rg7 32. Rf3 Kg5 33. Rf4 Kh6 34. Rf3 Kg5 35. c4 Kg4 36. Rf1 Rd7+ 37. Kc3 Kxg3 38. Rg1+ Kf2 39. Rg8 Rh7 40. Kd2 h4
41. Rf8+ Kg3 42. Ke3 Kg4 43. Kf2 h3 44. Kg1 Re7=
1/2-1/2

[Event "2010 Standard Chess Dropout Tournament, Round 2"]
[Site "SchemingMind.com"]
[Date "2010.03.07"]
[Round "2"]
[White "Peacemaker"]
[Black "Chessic"]
[Result "1-0"]
[WhiteCountry "GER"]
[BlackCountry "INT"]
[WhiteElo "2519"]
[WhiteRD "84"]
[BlackElo "1597"]
[BlackRD "150"]
[GameID "240673"]

1. e4 e5 2. Nf3 Nc6 3. Bc4 Nf6 4. d3 Be7 5. O-O O-O 6. Re1 d6 7. a4 Bg4 8. h3 Be6 9. Nbd2 Na5 10. Bxe6 fxe6
11. b4 Nc6 12. b5 Nd4 13. Nh2 Qe8 14. c3 Nxb5 15. axb5 Qxb5 16. Nhf3 Qxd3 17. Qb3 d5 18. Nxe5
1-0

[Event "2010 Standard Chess Dropout Tournament, Round 2"]
[Site "SchemingMind.com"]
[Date "2010.03.07"]
[Round "2"]
[White "pjl1015"]
[Black "palaciorep"]
[Result "1-0"]
[WhiteCountry "USA"]
[BlackCountry "ARG"]
[WhiteElo "2412"]
[WhiteRD "117"]
[BlackElo "1708"]
[BlackRD "86"]
[GameID "240675"]

1. d4 Nf6 2. c4 g6 3. Nf3 Bg7 4. Nc3 d6 5. e4 O-O 6. h3 e5 7. d5 a5 8. Be3 Na6 9. g4 Nd7 10. Bg5 f6
11. Be3 Ndc5 12. Nd2
1-0

[Event "2010 Standard Chess Dropout Tournament, Round 2"]
[Site "SchemingMind.com"]
[Date "2010.03.02"]
[Round "2"]
[White "mmccaffe"]
[Black "Artur"]
[Result "0-1"]
[WhiteCountry "USA"]
[BlackCountry "POL"]
[WhiteElo "1742"]
[WhiteRD "57"]
[BlackElo "1823"]
[BlackRD "88"]
[GameID "240676"]

1. e4 e5 2. Nf3 Nf6 3. d3 Nc6 4. Nc3 d5 5. exd5 Nxd5 6. Bd2 Be7 7. Be2 Be6 8. O-O O-O 9. Nxd5 Bxd5 10. Bc3 Bf6
11. Qd2 Re8 12. Rfe1= Nd4 13. Bxd4 exd4 14. Bf1 Qd6 15. a3 Bxf3 16. gxf3 Be5 17. h3 Bf4 18. Qb4 Qxb4 19. axb4 a6 20. c3 dxc3
21. bxc3 Bd2 22. Rxe8+ Rxe8 23. c4 Bxb4 24. Rb1 a5 25. d4 b6 26. d5 Bd6 27. Bd3 a4 28. Ra1 Ra8 29. Ra2 g6 30. Bc2 a3
31. Kf1 Re8 32. Bd3 Kg7 33. Be4 Re5 34. Bd3 Rh5 35. Kg2 Rh4 36. Be4 f5 37. Bd3 Kf6 38. Be2 Ke5 39. Rd2 Rd4 40. Ra2 Bb4
41. Ra1 Rd2 42. Kf1 a2 43. Bd1 Bc3
0-1

[Event "2010 Standard Chess Dropout Tournament, Round 2"]
[Site "SchemingMind.com"]
[Date "2010.03.07"]
[Round "2"]
[White "Manfred Kraut"]
[Black "Archr"]
[Result "1-0"]
[WhiteCountry "GER"]
[BlackCountry "USA"]
[WhiteElo "1352"]
[WhiteRD "69"]
[BlackElo "1597"]
[BlackRD "91"]
[GameID "240677"]

1. d4 Nf6 2. Nf3 e6 3. e3 d5 4. Bd3 c5 5. b3 Nc6 6. Bb2 Bd6 7. O-O O-O 8. Nbd2 b6 9. Ne5 Bb7 10. f4 Nb4
11. Rf3 Nc6 12. Rh3 h6 13. Qf3 Nh7 14. Qg3 Bxe5 15. Rxh6
1-0

[Event "2010 Standard Chess Dropout Tournament, Round 2"]
[Site "SchemingMind.com"]
[Date "2010.03.02"]
[Round "2"]
[White "robertoi72"]
[Black "pawngrabber"]
[Result "0-1"]
[WhiteCountry "ITA"]
[BlackCountry "ENG"]
[WhiteElo "1879"]
[WhiteRD "95"]
[BlackElo "1926"]
[BlackRD "82"]
[GameID "240679"]

1. d4 Nf6 2. c4 e6 3. Nc3 Bb4 4. a3 Bxc3+ 5. bxc3 d5 6. cxd5 Qxd5 7. f3 b6 8. e4 Qc6 9. Qc2 Ba6 10. Bd3 Bxd3
11. Qxd3 Nbd7 12. Ne2 O-O 13. O-O h6 14. e5 Nd5 15. c4 Ne7 16. a4 Rfd8 17. Ba3 Nxe5 18. Qc3 N5g6 19. Bb2 f6 20. Rfd1 Rac8
21. a5 b5 22. cxb5 Qxb5 23. Qd2 c5 24. Rab1 cxd4 25. Bxd4 Qa6 26. Kf2 Kh8 27. Qb2 Nd5 28. Qb7 Qxa5 29. Ra1 Qc7 30. Rxa7 Qxb7
31. Rxb7 Ndf4 32. Nxf4 Nxf4 33. Rd2 e5 34. Be3 Rxd2+ 35. Bxd2 Rc2 36. Rd7 Ne6 37. Kg3 Nd4 38. Bb4 Ne2+ 39. Kf2 Nf4+
0-1

[Event "2010 Standard Chess Dropout Tournament, Round 2"]
[Site "SchemingMind.com"]
[Date "2010.03.05"]
[Round "2"]
[White "roscoe"]
[Black "Theodoric"]
[Result "0-1"]
[WhiteCountry "USA"]
[BlackCountry "ENG"]
[WhiteElo "1516"]
[WhiteRD "96"]
[BlackElo "1994"]
[BlackRD "71"]
[GameID "240680"]

1. Nf3 d6 2. d4 Bg4 3. g3 Bxf3 4. exf3 Nf6 5. Bg2 e6 6. O-O Be7 7. Re1 O-O 8. f4 c6 9. c4 d5 10. c5 b6
11. b4 a5 12. Ba3 Na6 13. Nc3 axb4 14. Bb2 bxc3 15. Bxc3 bxc5 16. dxc5 Nxc5 17. Bh3 Nce4 18. Bb2 c5 19. Qc1 c4 20. f5 c3
21. Bxc3 Nxc3 22. Qxc3 Ne4 23. Qb2 Bf6
0-1

[Event "2010 Standard Chess Dropout Tournament, Round 2"]
[Site "SchemingMind.com"]
[Date "2010.03.07"]
[Round "2"]
[White "Ryan"]
[Black "An old friend"]
[Result "1-0"]
[WhiteCountry "NED"]
[BlackCountry "ENG"]
[WhiteElo "2129"]
[WhiteRD "118"]
[BlackElo "1913"]
[BlackRD "78"]
[GameID "240681"]

1. e4 c5 2. Nc3 Nc6 3. Nge2 g6 4. d4 cxd4 5. Nxd4 Bg7 6. Be3 Nf6 7. Bc4 O-O 8. Bb3 d6 9. f3 Bd7 10. Qd2 Qa5
11. O-O-O Rfc8 12. Kb1 Ne5 13. h4 Nc4 14. Bxc4 Rxc4 15. Nb3 Qc7 16. g4 Rc8 17. e5 Ne8 18. Nd5 Qd8 19. exd6 Nxd6 20. c3 R4c6
21. Qh2 Nc4 22. Bc1 Rd6 23. h5 Bc6 24. hxg6 fxg6 25. Qxh7+
1-0